Transformation groups in differential geometry /
Guardado en:
| Autor Principal: | |
|---|---|
| Formato: | Libro |
| Idioma: | English |
| Publicado: |
Berlin ; New York :
Springer,
1972, c1995.
|
| Series: | Springer classics in mathematics
|
| Materias: | |
| Etiquetas: |
Agregar Etiqueta
Sin Etiquetas, Sea el primero en etiquetar este registro!
|
| LEADER | 00838pam a2200241 a 4500 | ||
|---|---|---|---|
| 001 | MAT.inmabb006905 | ||
| 008 | 941011s1995####gw#a#####b####001#0#eng## | ||
| 005 | 20151218172516.0 | ||
| 245 | 1 | 0 | |a Transformation groups in differential geometry / |c Shoshichi Kobayashi. |
| 260 | |a Berlin ; |a New York : |b Springer, |c 1972, c1995. | ||
| 300 | |a viii, 182 p. : |b il. ; |c 24 cm. | ||
| 440 | 0 | |a Springer classics in mathematics | |
| 500 | |a "Reprint of the 1972 edition". | ||
| 504 | |a Incluye referencias bibliográficas (p. [160]-180) e índice. | ||
| 510 | 4 | |a MR, |c 96c:53040 | |
| 020 | |a 3540586598 | ||
| 100 | 1 | |a Kobayashi, Shoshichi, |d 1932-2012. | |
| 650 | 0 | |a Geometry, Differential. | |
| 650 | 0 | |a Transformation groups. | |
| 084 | |a 53C10 (53-02) |2 MR | ||
| 010 | |a 94041257 | ||
| 040 | |a DLC |c DLC |d DLC | ||
| 859 | |h 53 |i K75t-2 |p A-8893 |b BIB. MATEMATICA | ||
